[Event "Autumn"]
[Site "SchemingMind.com"]
[Date "2019.09.20"]
[Round "-"]
[White "Matthew Bailey"]
[Black "Mihir Chandrashekhar"]
[Result "1-0"]
[WhiteCountry "ENG"]
[BlackCountry "IND"]
[WhiteElo "2363"]
[WhiteRD "63"]
[BlackElo "1862"]
[BlackRD "51"]
[GameID "446200"]

1. e4 e6 2. d4 d5 3. Nd2 Nf6 4. e5 Nfd7 5. Bd3 c5 6. c3 Nc6 7. Ne2 Qb6 8. Nf3 cxd4 9. cxd4 f6 10. exf6 Nxf6
11. O-O Bd6 12. Bf4 Bxf4 13. Nxf4 O-O 14. Re1 Bd7 15. Qd2 Rae8 16. Rad1 Qa5 17. Qxa5 Nxa5 18. g3 Nc4 19. Re2 b5 20. b3 Nd6
21. Ne5 a6 22. Nxd7 Nxd7 23. Nxe6
1-0

[Event "Autumn"]
[Site "SchemingMind.com"]
[Date "2019.09.20"]
[Round "-"]
[White "Mihir Chandrashekhar"]
[Black "Matthew Bailey"]
[Result "0-1"]
[WhiteCountry "IND"]
[BlackCountry "ENG"]
[WhiteElo "1862"]
[WhiteRD "51"]
[BlackElo "2363"]
[BlackRD "63"]
[GameID "446201"]

1. e4 c5 2. Nf3 Nc6 3. d4 cxd4 4. Nxd4 Nf6 5. Nc3 e5 6. Ndb5 d6 7. Bg5 a6 8. Na3 b5 9. Nd5 Be7 10. Bxf6 Bxf6
11. c3 O-O 12. Nc2 Rb8 13. a4 bxa4 14. Rxa4 Rxb2 15. Bxa6 Bd7 16. Qc1 Rb8 17. Ra1 Bg5 18. Qd1 Ne7 19. Nce3 Nxd5 20. Nxd5 f5
21. Bc4 Kh8 22. h4 Bh6 23. exf5 Bxf5 24. g4 Be4 25. Rh3 Rb2
0-1

[Event "Autumn"]
[Site "SchemingMind.com"]
[Date "2019.10.05"]
[Round "-"]
[White "Wojciech  Langer"]
[Black "Clive Everill"]
[Result "1-0"]
[WhiteCountry "INT"]
[BlackCountry "CZE"]
[WhiteElo "1704"]
[WhiteRD "92"]
[BlackElo "1783"]
[BlackRD "59"]
[GameID "446691"]

1. c4 f5 2. Nc3 Nf6 3. d4 g6 4. Nf3 Bg7 5. e3 O-O 6. Bd3 d6 7. Qc2 Nc6 8. a3 e5 9. d5 Ne7 10. e4 c6
11. O-O f4 12. dxc6 bxc6 13. c5 Ne8 14. b4 d5 15. exd5 cxd5 16. Rd1 Nc7 17. Rb1 Qe8 18. Ne1 Bb7 19. b5 e4 20. Bxe4 dxe4
21. Nxe4 Nxb5 22. Nd6 Nxd6 23. Rxd6 Rb8 24. f3 Nf5 25. Qc4+ Kh8 26. Bxf4 Be5 27. Re6 Bd4+ 28. Kh1 Qd7 29. Bxb8 Rxb8 30. c6 Qc7
31. Qb4 Be5 32. Qxb7 Rxb7 33. cxb7 Qb8 34. Rxe5 Nd6 35. Re7 a5 36. Nd3 Nc4 37. Re8+
1-0

[Event "Autumn"]
[Site "SchemingMind.com"]
[Date "2019.10.04"]
[Round "-"]
[White "Clive Everill"]
[Black "Wojciech  Langer"]
[Result "1/2-1/2"]
[WhiteCountry "CZE"]
[BlackCountry "INT"]
[WhiteElo "1783"]
[WhiteRD "59"]
[BlackElo "1704"]
[BlackRD "92"]
[GameID "446692"]

1. e4 c5 2. Nc3 Nc6 3. Bb5 Nd4 4. Bc4 e6 5. Nge2 Nxe2 6. Qxe2 Ne7 7. O-O Nc6 8. d3 Be7 9. f4 Nd4 10. Qf2 O-O
11. Be3 d5 12. exd5 Qb6 13. Rab1 Bf6 14. Ne4 exd5 15. Bxd5 Rb8 16. c3 Ne6 17. Nxf6+ gxf6 18. Bxe6 Qxe6 19. Bxc5 Re8 20. Bxa7 Ra8
21. Bd4 Qf5 22. Qg3+ Kh8 23. a3 Rg8 24. Qf3 Be6 25. c4 Rg6 26. Rbe1 Rag8 27. g3 h5 28. Kh1 b5 29. b3 Rxg3 30. Bxf6+ Kh7
31. hxg3 Qh3+ 32. Kg1 Rxg3+ 33. Qxg3 Qxg3+ 34. Kh1 Qh3+ 35. Kg1 Qg3+=
1/2-1/2

[Event "Autumn"]
[Site "SchemingMind.com"]
[Date "2019.10.05"]
[Round "-"]
[White "Andrea Carra"]
[Black "Arnold Jones"]
[Result "0-1"]
[WhiteCountry "ITA"]
[BlackCountry "ENG"]
[WhiteElo "1892"]
[WhiteRD "109"]
[BlackElo "1535"]
[BlackRD "66"]
[GameID "446730"]

1. e4 c5 2. Nf3 e6 3. d4 d5 4. Nbd2 Nc6 5. Bb5 a6 6. exd5 exd5 7. Bxc6+ bxc6 8. dxc5 Qe7+ 9. Qe2 Qxe2+ 10. Kxe2 Bxc5
11. Nb3 Bb6 12. Re1 Nf6 13. Kf1+ Ne4 14. Be3 Rb8 15. Bxb6 Rxb6 16. Ng5 O-O 17. Nxe4 dxe4 18. Rxe4 Bf5 19. Rc4 Be6 20. Rc3 Bxb3
21. cxb3 Rc8 22. Rac1 Kf8 23. Ke2 Ke7 24. Kd3 Rc7 25. Kc4 Kf8 26. Rd1 g6 27. Rcd3 Rb5 28. Rd7 Rd5 29. Rxc7 Rxd1 30. Kc3 Rg1
31. Rxc6 Rc1+
0-1

[Event "Autumn"]
[Site "SchemingMind.com"]
[Date "2019.10.05"]
[Round "-"]
[White "Arnold Jones"]
[Black "Andrea Carra"]
[Result "0-1"]
[WhiteCountry "ENG"]
[BlackCountry "ITA"]
[WhiteElo "1535"]
[WhiteRD "66"]
[BlackElo "1892"]
[BlackRD "109"]
[GameID "446731"]

1. d4 d5 2. c4 c6 3. e3 Nf6 4. Nf3 Bf5 5. Be2 e6 6. O-O Bd6 7. c5 Bc7 8. Nc3 O-O 9. Nd2 Nbd7 10. b4 e5
11. Nb3 e4 12. b5 h6 13. h3 Nh7 14. f4 exf3 15. Bxf3 Qh4 16. Ne2 Ng5 17. Nf4 Nf6 18. Kh2 Nge4 19. Qe1 Qxe1 20. Rxe1 g5
21. g4 Bd7 22. bxc6 bxc6 23. Bxe4 Nxe4 24. Kg2 gxf4 25. exf4 Rae8 26. Be3 Re7 27. Kf3 Rfe8 28. Rg1 Nc3 29. Bd2 Ne2 30. Rg2 Re4
31. Re1 Nxf4 32. g5 Nxg2 33. gxh6 Nxe1+
0-1

[Event "Autumn"]
[Site "SchemingMind.com"]
[Date "2019.10.23"]
[Round "-"]
[White "mochiron"]
[Black "Goz"]
[Result "1-0"]
[WhiteCountry "JPN"]
[BlackCountry "ENG"]
[WhiteElo "1524"]
[WhiteRD "89"]
[BlackElo "1540"]
[BlackRD "76"]
[GameID "447098"]

1. Nc3 e5 2. e4 a6 3. d3 f6 4. Nf3 d6 5. Be2 Be6 6. Nd5 Bxd5 7. exd5 Nd7 8. O-O Nb6 9. c4 c5 10. Bd2 a5
11. h3 Ne7 12. Nh2 Ng6 13. Bh5 Be7 14. Ng4 Nd7 15. Bxg6+ hxg6 16. f4 Qb6 17. b3 O-O-O 18. a3 f5 19. Ne3 Rh4 20. fxe5 dxe5
21. d6 Qxd6 22. Be1 Rd4 23. b4 Rxd3 24. Qa4 Rxe3 25. Qxa5 Qd4 26. Bf2 Bh4 27. Bxe3 Qxe3+ 28. Kh1 Be7 29. b5 Kb8 30. b6 Rc8
31. Qa7#
1-0

[Event "Autumn"]
[Site "SchemingMind.com"]
[Date "2019.10.23"]
[Round "-"]
[White "Goz"]
[Black "mochiron"]
[Result "0-1"]
[WhiteCountry "ENG"]
[BlackCountry "JPN"]
[WhiteElo "1540"]
[WhiteRD "76"]
[BlackElo "1524"]
[BlackRD "89"]
[GameID "447099"]

1. d4 f5 2. e3 Nf6 3. Nd2 e6 4. c4 d6 5. Ngf3 Be7 6. Bd3 O-O 7. O-O Nc6 8. a3 Ne4 9. Nxe4 fxe4 10. Bxe4 Bd7
11. b4 d5 12. cxd5 exd5 13. Bd3 Bg4 14. h3 Bxf3 15. gxf3 Bh4 16. f4 a5 17. Bd2 b5 18. Qg4 Qf6 19. Qd7 Ne7 20. Qxc7 axb4
21. Bxb4 Nf5 22. Bxf8 Rxf8 23. Be2 Ng3 24. Bxb5 Qg6 25. fxg3 Bxg3 26. Kh1 Qe4+ 27. Kg1 Qxe3+ 28. Kh1 Bxf4 29. Qc5 Qxh3+ 30. Kg1 Qh2#
0-1

[Event "Autumn"]
[Site "SchemingMind.com"]
[Date "2019.10.21"]
[Round "-"]
[White "Robert Bruce"]
[Black "ray winteringham"]
[Result "1-0"]
[WhiteCountry "SCO"]
[BlackCountry "ENG"]
[WhiteElo "2406"]
[WhiteRD "65"]
[BlackElo "1481"]
[BlackRD "50"]
[GameID "447108"]

1. d4 d5 2. Nf3 h6 3. c4 e6 4. Nc3 Bb4 5. Bf4 Nf6 6. e3 O-O 7. Qc1 Nc6 8. h3 Ne4 9. Be2 Nxc3 10. bxc3 Ba5
11. O-O Ne7 12. Qa3 b6 13. c5 c6 14. Bd6 Re8 15. Ne5 b5 16. Bxe7
1-0

[Event "Autumn"]
[Site "SchemingMind.com"]
[Date "2019.10.21"]
[Round "-"]
[White "ray winteringham"]
[Black "Robert Bruce"]
[Result "0-1"]
[WhiteCountry "ENG"]
[BlackCountry "SCO"]
[WhiteElo "1481"]
[WhiteRD "50"]
[BlackElo "2406"]
[BlackRD "65"]
[GameID "447109"]

1. e4 c6 2. Nf3 d5 3. exd5 cxd5 4. d4 Nc6 5. h3 Bf5 6. Bd3 Bxd3 7. Qxd3 Qc7 8. g3 e6 9. O-O Bd6 10. Nh2 Nge7
11. b3 Nb4 12. Qc3 Nxc2 13. Qxc7 Bxc7 14. Nc3 Nxa1 15. Nb5 Ba5 16. Ba3 Nc2 17. Bxe7 Kxe7 18. a4 Rhc8 19. Rc1 Bb6 20. Nf3 a6
21. Rxc2 Rxc2 22. Ne5 axb5
0-1

[Event "Autumn"]
[Site "SchemingMind.com"]
[Date "2019.10.20"]
[Round "-"]
[White "frankly"]
[Black "lawyertheologian"]
[Result "1-0"]
[WhiteCountry "ENG"]
[BlackCountry "USA"]
[WhiteElo "2636"]
[WhiteRD "75"]
[BlackElo "2083"]
[BlackRD "76"]
[GameID "447115"]

1. d4 f5 2. g3 Nf6 3. Bg2 g6 4. Nh3 Bg7 5. c4 d6 6. b3 e5 7. Nc3 Ne4 8. Nxe4 fxe4 9. dxe5 Bxe5 10. Be3 Bxh3
11. Bxh3 Bc3+ 12. Kf1 Bxa1 13. Qxa1 Kf7 14. Bg5
1-0

[Event "Autumn"]
[Site "SchemingMind.com"]
[Date "2019.10.19"]
[Round "-"]
[White "lawyertheologian"]
[Black "frankly"]
[Result "0-1"]
[WhiteCountry "USA"]
[BlackCountry "ENG"]
[WhiteElo "2083"]
[WhiteRD "76"]
[BlackElo "2636"]
[BlackRD "75"]
[GameID "447116"]

1. Nc3 d5 2. e4 d4 3. Nce2 e5 4. Ng3 Be6 5. Nf3 f6 6. c3 d3 7. Nxe5 fxe5 8. Qh5+ g6 9. Qxe5 Qd7 10. Qxh8 Nc6
11. Bxd3 Qxd3 12. Qxh7 Ne5 13. f4 O-O-O 14. Rf1 Rd7 15. fxe5 Rxh7 16. Rxf8+ Kd7 17. Rf3 Qc2 18. h3 Rf7 19. b3 Rxf3 20. gxf3 Qd3
21. Kf2 Bxh3 22. Ba3 g5 23. Bc5 Qxd2+ 24. Ne2 g4 25. Rg1 gxf3 26. Kxf3 Nh6 27. Be3 Qd3 28. Rg7+ Kc8 29. Nd4 c5
0-1

[Event "Autumn"]
[Site "SchemingMind.com"]
[Date "2019.10.19"]
[Round "-"]
[White "Delf Groth"]
[Black "John Hamer"]
[Result "1/2-1/2"]
[WhiteCountry "GER"]
[BlackCountry "ENG"]
[WhiteElo "1907"]
[WhiteRD "118"]
[BlackElo "2006"]
[BlackRD "72"]
[GameID "447119"]

1. e4 e5 2. Bc4 d6 3. Nc3 Nf6 4. d3 Nc6 5. f4 Na5 6. Bb3 Nxb3 7. axb3 c6 8. fxe5 dxe5 9. Nf3 Bd6 10. O-O O-O
11. Bg5 Bc5+ 12. Kh1 Re8 13. Qe1 b5 14. Qg3 Bd6 15. Bxf6 Qxf6 16. Ng5 Qg6 17. Nxf7 Bc5 18. Qxg6 hxg6 19. Ng5 Be6 20. Nxe6 Rxe6
21. Rf3 Rd8 22. Raf1 a5 23. g3 Bd4 24. Rf7 Ra8 25. Kg2 a4 26. bxa4 bxa4 27. Nd1 a3 28. bxa3 Rxa3 29. Rc7 Ra2 30. Rff7 Rxc2+
31. Kh3 Rd2 32. Rxg7+ Kh8 33. Rgd7 Re8 34. Rh7+=
1/2-1/2

[Event "Autumn"]
[Site "SchemingMind.com"]
[Date "2019.10.19"]
[Round "-"]
[White "John Hamer"]
[Black "Delf Groth"]
[Result "1-0"]
[WhiteCountry "ENG"]
[BlackCountry "GER"]
[WhiteElo "1984"]
[WhiteRD "69"]
[BlackElo "1811"]
[BlackRD "175"]
[GameID "447120"]

1. d4 d5 2. c4 c5 3. cxd5 Qxd5 4. Nf3 cxd4 5. Nc3 Qd8 6. Nxd4 e5 7. Qa4+ Bd7 8. Ndb5 Nc6 9. Nd5 Bc5 10. Nbc7+ Kf8
11. Nxa8 Nb4 12. Qb3 Be6 13. e4 Qh4 14. Qc4 Qxf2+ 15. Kd1 b5 16. Be3 Bg4+ 17. Be2 Bxe3 18. Qxb4+ Bc5 19. Qxb5 Qd4+ 20. Kc1
1-0

[Event "Autumn"]
[Site "SchemingMind.com"]
[Date "2019.10.20"]
[Round "-"]
[White "William Lindberg"]
[Black "Helga1946"]
[Result "1-0"]
[WhiteCountry "USA"]
[BlackCountry "GER"]
[WhiteElo "2537"]
[WhiteRD "63"]
[BlackElo "1916"]
[BlackRD "56"]
[GameID "447139"]

1. c4 e5 2. Nc3 Bb4 3. Nd5 a5 4. Nf3 d6 5. a3 Bc5 6. d4 exd4 7. Nxd4 Ne7 8. Bg5 f6 9. Bf4 Bxd4 10. Qxd4 O-O
11. g3 Kh8 12. Qc3 Re8 13. Bg2 Nxd5 14. cxd5 a4 15. O-O Bg4 16. f3 Bd7 17. e4 b6 18. Be3 Na6 19. Rfe1 Nc5 20. Rad1 Re7
21. g4 Qe8 22. h4 h6 23. h5 Kg8 24. Bf2 Qc8 25. Bf1 Bxg4 26. fxg4 Qxg4+ 27. Qg3 Qxh5 28. Be2 Qe8 29. Bf3 Ra5 30. Qh4 Nd7
31. Bd4 Nf8 32. Bh5 Qd8 33. Re3 Nh7 34. Rg3 Ng5 35. Bg6
1-0

[Event "Autumn"]
[Site "SchemingMind.com"]
[Date "2019.10.20"]
[Round "-"]
[White "Helga1946"]
[Black "William Lindberg"]
[Result "0-1"]
[WhiteCountry "GER"]
[BlackCountry "USA"]
[WhiteElo "1916"]
[WhiteRD "56"]
[BlackElo "2537"]
[BlackRD "63"]
[GameID "447140"]

1. Nc3 d5 2. d4 Nf6 3. Bg5 Nbd7 4. Qd3 c5 5. Bxf6 Nxf6 6. dxc5 e5 7. Rd1 Be6 8. b4 e4 9. Qd4 Be7 10. e3 O-O
11. Nge2 b6 12. c6 Qc7 13. b5 a6 14. a4 Bc5 15. Qd2 d4 16. exd4 Bb4 17. Rb1 Ba5 18. g3 e3 19. fxe3 Bd5 20. Rg1 axb5
21. axb5 Ne4 22. Qd3 f5 23. Rg2 Qe7 24. Kd1 Bf7 25. Na4 Bd2 26. Nec3 Bxc3 27. Nxc3 Ra3 28. Rb3 Bxb3 29. Nb1 Bxc2+ 30. Qxc2 Rxe3
31. Re2 Rxe2 32. Qc4+ Kh8 33. Bxe2 Ra8 34. Bd3 Nf2+
0-1

[Event "Autumn"]
[Site "SchemingMind.com"]
[Date "2019.11.22"]
[Round "-"]
[White "Matthew Bailey"]
[Black "frankly"]
[Result "1/2-1/2"]
[WhiteCountry "ENG"]
[BlackCountry "ENG"]
[WhiteElo "2499"]
[WhiteRD "64"]
[BlackElo "2596"]
[BlackRD "76"]
[GameID "448261"]

1. e4 c5 2. Nf3 d6 3. d4 cxd4 4. Qxd4 Nc6 5. Qd3 g6 6. Be2 Nf6 7. O-O Bg7 8. Rd1 O-O 9. h3 Be6 10. Ng5 Ne5
11. Qd4 Bd7 12. Qe3 Qc7 13. Nc3 Bc6 14. a4 a6 15. a5 Rfc8 16. f4 Ned7 17. Nf3 Nc5 18. Nd2 Re8 19. Bf3 Rad8 20. Nf1 b5
21. axb6 Qxb6 22. Ng3 a5 23. Ra2 a4 24. h4 Rc8 25. h5 gxh5 26. Nf5 Ng4 27. Bxg4 hxg4 28. Nd5 Bxd5 29. exd5 Qb5 30. Nxg7 Kxg7
31. f5 Nd7 32. Rd4 Rc4 33. Ra3 Qc5 34. Rxa4 Qxd4 35. Qxd4+ Rxd4 36. Rxd4 h5 37. Bg5 f6 38. Bc1 Ra8 39. Kf2= Ra1 40. Be3 Kf7
41. Ke2 Ra2 42. Rb4 Ra5 43. c4 h4 44. c5 Nxc5 45. Rxg4 Rb5 46. Rxh4 Rxb2+ 47. Kf1 Rb5 48. Ke2 Kg7 49. Rg4+ Kf8 50. Bh6+ Ke8
51. Rg8+ Kd7 52. Ra8 Ne4 53. Ra7+ Ke8 54. Ra8+ Kd7 55. Ra7+ Ke8 56. Ra8+ Kd7 57. Ra7+
1/2-1/2

[Event "Autumn"]
[Site "SchemingMind.com"]
[Date "2019.11.21"]
[Round "-"]
[White "frankly"]
[Black "Matthew Bailey"]
[Result "1/2-1/2"]
[WhiteCountry "ENG"]
[BlackCountry "ENG"]
[WhiteElo "2601"]
[WhiteRD "74"]
[BlackElo "2489"]
[BlackRD "59"]
[GameID "448262"]

1. d4 Nf6 2. c4 e6 3. Nf3 b6 4. g3 Ba6 5. b3 Bb4+ 6. Bd2 Be7 7. Bg2 O-O 8. Ne5 d5 9. O-O Bb7 10. Nc3 Nbd7
11. Bf4 Ne4 12. Rc1 Nxe5 13. dxe5 Nxc3 14. Rxc3 c6 15. Rd3 Ba6 16. Qd2 Qb8 17. Rc1 Qb7 18. h4 Rad8 19. Bg5 h6 20. Bxe7 Qxe7
21. Rd1 Rc8 22. Rd4 Bb7 23. Rd3 Rc7 24. a4 Rfc8 25. Kh2 Ba6 26. Rd4 Bb7 27. Rd3 Qa3 28. g4 Rf8 29. Qf4 Qb4 30. Kg3 a5
31. Bf3 Qe7 32. g5 Kh7 33. Rg1 g6 34. gxh6 f6 35. Bg4 Qd8 36. cxd5 cxd5 37. exf6 Rxf6 38. Qe5 Rc5 39. Rf3 Rxf3+ 40. Bxf3 Qc7
41. Qxc7+ Rxc7 42. Kf4 d4 43. Bxb7 Rxb7 44. Ke5 b5 45. Rg4 bxa4 46. bxa4 Rb2 47. e4 Rb4 48. Rg3 Rxa4 49. Rd3 Rb4 50. Kxe6 Kxh6=
1/2-1/2

[Event "Autumn"]
[Site "SchemingMind.com"]
[Date "2019.11.21"]
[Round "-"]
[White "William Lindberg"]
[Black "Arnold Jones"]
[Result "1-0"]
[WhiteCountry "USA"]
[BlackCountry "ENG"]
[WhiteElo "2464"]
[WhiteRD "63"]
[BlackElo "1584"]
[BlackRD "66"]
[GameID "448394"]

1. c4 Nf6 2. Nf3 e6 3. e3 d6 4. d4 Nbd7 5. Be2 g6 6. Nc3 c6 7. e4 e5 8. O-O exd4 9. Nxd4 Bg7 10. Bf4 Bf8
11. Qd2 Ne5 12. c5 dxc5 13. Bxe5 cxd4 14. Nb5 c5 15. Nc7+ Ke7 16. Qg5 Bg7 17. Bxf6+ Bxf6 18. Qxc5+ Qd6 19. Nd5+ Ke6 20. Bg4+ Ke5
21. f4+ Kxe4 22. Rfe1+ Kd3 23. Rad1#
1-0

[Event "Autumn"]
[Site "SchemingMind.com"]
[Date "2019.11.21"]
[Round "-"]
[White "Arnold Jones"]
[Black "William Lindberg"]
[Result "0-1"]
[WhiteCountry "ENG"]
[BlackCountry "USA"]
[WhiteElo "1584"]
[WhiteRD "66"]
[BlackElo "2464"]
[BlackRD "63"]
[GameID "448395"]

1. d4 d5 2. Nf3 e6 3. e3 Nf6 4. c4 b6 5. Nc3 Bb7 6. a3 Be7 7. cxd5 exd5 8. Be2 O-O 9. O-O c5 10. Ne5 a6
11. b3 cxd4 12. exd4 Nbd7 13. Bf4 Ne4 14. Nxd7 Nxc3 15. Qd3 Nxe2+ 16. Qxe2 Qxd7 17. Qd3 a5 18. a4 Ba6 19. Qg3 Bxf1 20. Bh6 Bf6
21. Rxf1 Bxd4 22. Re1 Rae8 23. Bd2 Rxe1+ 24. Bxe1 Qf5 25. Kf1 Re8 26. f4 Qe4
0-1

[Event "Autumn"]
[Site "SchemingMind.com"]
[Date "2020.01.14"]
[Round "-"]
[White "mochiron"]
[Black "John Hamer"]
[Result "0-1"]
[WhiteCountry "JPN"]
[BlackCountry "ENG"]
[WhiteElo "1543"]
[WhiteRD "97"]
[BlackElo "1900"]
[BlackRD "71"]
[GameID "450187"]

1. d4 d5 2. Bf4 Nf6 3. Nf3 g6 4. e3 Bg7 5. Bd3 O-O 6. O-O Nbd7 7. Nc3 c6 8. Ne5 Nh5 9. Be2 Re8 10. Bxh5 Nxe5
11. dxe5 gxh5 12. Qxh5 Be6 13. Rad1 Rc8 14. Qg5 Kh8 15. Ne4 Qb6 16. Nf6 exf6 17. exf6 Bf8 18. Bd6 h6 19. Qf4 Kh7 20. Bxf8 Rxf8
21. e4 Qxb2 22. e5 Qxc2 23. Rd2 Qg6 24. Rb2 b6 25. Rb3 Qc2 26. Rg3 Rg8 27. Rh3 Bxh3 28. g3 Bxf1 29. Kxf1 Rce8 30. g4 Qd1+
31. Kg2 Rxg4+ 32. Qxg4 Qxg4+
0-1

[Event "Autumn"]
[Site "SchemingMind.com"]
[Date "2020.01.14"]
[Round "-"]
[White "John Hamer"]
[Black "mochiron"]
[Result "1-0"]
[WhiteCountry "ENG"]
[BlackCountry "JPN"]
[WhiteElo "1941"]
[WhiteRD "66"]
[BlackElo "1566"]
[BlackRD "95"]
[GameID "450188"]

1. d4 h6 2. e4 Nf6 3. Nc3 d5 4. e5 Ne4 5. Bd3 Bf5 6. Nf3 e6 7. O-O Nxc3 8. bxc3 Be7 9. c4 Bxd3 10. Qxd3 Nc6
11. cxd5 exd5 12. Be3 Nb4 13. Qb3 Nc6 14. Qxb7 Na5 15. Qb5+ c6 16. Qd3 Nc4 17. e6 O-O 18. exf7+ Rxf7 19. Ne5 Nxe5 20. dxe5 Bg5
21. f4 Bh4 22. Rad1 Rd7 23. g3 Be7 24. h4 Bxh4 25. gxh4 Qxh4 26. Qg6 Rf7 27. Rf3 Re8 28. Bf2 Qe7 29. Re1 Qe6 30. Qg3 Rf5
31. Bxa7 d4 32. Bxd4 Rh5 33. Qg2 Qc4 34. Rd1= c5 35. Rc3 Qb4 36. Rxc5 Qb8 37. e6 g5 38. Qe4 Rh4 39. Qg6+
1-0

[Event "Autumn"]
[Site "SchemingMind.com"]
[Date "2020.02.12"]
[Round "-"]
[White "Robert Bruce"]
[Black "Matthew Bailey"]
[Result "0-1"]
[WhiteCountry "SCO"]
[BlackCountry "ENG"]
[WhiteElo "2410"]
[WhiteRD "64"]
[BlackElo "2478"]
[BlackRD "60"]
[GameID "451111"]

1. c4 e5 2. g3 Nf6 3. Bg2 d5 4. cxd5 Nxd5 5. Nc3 Nb6 6. Nf3 Nc6 7. O-O Be7 8. a3 O-O 9. b4 Be6 10. Rb1 f6
11. d3 a5 12. b5 Nd4 13. Nd2 Qc8 14. e3 Nf5 15. Bb2 Nd6 16. Re1 Rd8 17. Qe2 Bg4 18. Bf3 h5 19. Red1 a4 20. h4 Ra5
21. Ba1 Qe6 22. e4 Nf7 23. Bb2 Bc5 24. Kg2 Nd6 25. Bxg4 hxg4 26. Rdc1 Qd7 27. Nf1 Nxb5 28. Nh2 Be7 29. h5 Nd4 30. Qxg4 Qxg4
31. Nxg4 Ne6 32. Ne3 Rxd3 33. Ncd5 Bc5 34. Rc3 Rxc3 35. Bxc3 Ra8 36. Bb4 Nd7 37. Bxc5 Ndxc5 38. Nf5 c6 39. Nb6 Rd8 40. Rb4 Nd4
41. Nxa4 Nxe4 42. Nxd4 Rxd4 43. Rxd4 exd4 44. Kf3 f5 45. Kf4 Nxf2 46. Nc5 b6 47. Nb3 c5 48. Kxf5 Kh7 49. a4 Kh6 50. g4 Nd1
51. a5 bxa5 52. Nxa5 Nb2 53. Nb3 d3 54. Nd2 c4 55. Nb1 Na4 56. Ke4 Kg5 57. Kd4 c3 58. Kxd3 Kxg4 59. Na3 Kxh5
0-1

[Event "Autumn"]
[Site "SchemingMind.com"]
[Date "2020.02.12"]
[Round "-"]
[White "Matthew Bailey"]
[Black "Robert Bruce"]
[Result "1/2-1/2"]
[WhiteCountry "ENG"]
[BlackCountry "SCO"]
[WhiteElo "2498"]
[WhiteRD "58"]
[BlackElo "2410"]
[BlackRD "63"]
[GameID "451112"]

1. Nf3 f5 2. d4 Nf6 3. g3 g6 4. Bg2 Bg7 5. O-O O-O 6. c4 d6 7. Nc3 c6 8. d5 e5 9. dxe6 Bxe6 10. Qd3 Ng4
11. Ng5 Bf7 12. Nxf7 Rxf7 13. b3 Nd7 14. Qd2 a5 15. Bb2 Nc5 16. Rad1 Qb6 17. Ba3 Rd8 18. e3 Nf6 19. Qc2 Qc7 20. Bb2 Nfd7
21. Rd2 Re7 22. Rb1 Ree8 23. h3 Ne6 24. Rdd1 Ne5 25. Ne2 Qd7 26. Nf4 Nc5 27. Bc3 Qc7 28. Rbc1 Qb6 29. Ne2 Rd7 30. Nd4 Rdd8
31. a3 Qc7 32. Be1 Ncd7 33. b4 axb4 34. axb4 Rb8 35. Rb1 Rbc8 36. b5 Nc5 37. f4 Nf7 38. bxc6 bxc6 39. Nxc6 Ne4 40. Na5 Qc5
41. Rb3 h5 42. Kh2 Rc7 43. Bb4 Qa7 44. Rd5 Qa8 45. Rb5 Kh7 46. Qd3 Qd8 47. Qd5 h4 48. g4 Nf6 49. Qf3 fxg4 50. hxg4 d5
51. c5 Qc8 52. Kg1 d4 53. c6 dxe3 54. Rxe3 Rxe3 55. Qxe3 Nxg4 56. Qd3 Qe6 57. Be4 Rc8 58. Nb3 Ngh6 59. Qf3 Nf5 60. Rb7 Nd8
61. Nc5 Qe8 62. Rb6 Ng3 63. Kh2 Nxe4 64. Nxe4 Nxc6 65. Rb7 Kh8 66. Bc3 Nd4 67. Qg4 Rxc3 68. Nxc3 Qe1 69. Qc8+ Kh7 70. Rxg7+ Kxg7
71. Qd7+ Kg8 72. Qxd4 Qg3+=
1/2-1/2

[Event "Autumn"]
[Site "SchemingMind.com"]
[Date "2020.05.06"]
[Round "-"]
[White "John Hamer"]
[Black "William Lindberg"]
[Result "0-1"]
[WhiteCountry "ENG"]
[BlackCountry "USA"]
[WhiteElo "1941"]
[WhiteRD "66"]
[BlackElo "2443"]
[BlackRD "62"]
[GameID "454693"]

1. d4 d5 2. Nf3 Nf6 3. Bg5 Ne4 4. Bf4 c5 5. e3 Qb6 6. b3 Nc6 7. c3 cxd4 8. exd4 e5 9. Nxe5 Bd6 10. Nd3 Ne7
11. f3 Nf6 12. Be2 Bxf4 13. Nxf4 Ng6 14. Nd3 O-O 15. O-O Bf5 16. Re1 Rfe8 17. Nc5 Nf4 18. Bf1 N6h5 19. g4 Qg6 20. Kh1 b6
21. gxf5 Qh6 22. Nd3 Ng3+ 23. Kg1 Qg5 24. Rxe8+ Rxe8 25. hxg3 Qxg3+
0-1

[Event "Autumn"]
[Site "SchemingMind.com"]
[Date "2020.05.07"]
[Round "-"]
[White "William Lindberg"]
[Black "John Hamer"]
[Result "1-0"]
[WhiteCountry "USA"]
[BlackCountry "ENG"]
[WhiteElo "2443"]
[WhiteRD "62"]
[BlackElo "1941"]
[BlackRD "66"]
[GameID "454694"]

1. c4 Nf6 2. d4 g6 3. Nc3 Bg7 4. e4 O-O 5. Nf3 c6 6. Be2 d5 7. e5 Ne4 8. O-O Nxc3 9. bxc3 dxc4 10. Bxc4 c5
11. Re1 Bg4 12. e6 f5 13. d5 Bxc3 14. Bh6 Bxe1 15. Qxe1 Rf6 16. Ne5 Qe8 17. Rb1 b6 18. d6 g5 19. d7 Qd8 20. Qd2 Rxh6
21. Qxg5+ Kh8 22. Nf7#
1-0

[Event "Autumn"]
[Site "SchemingMind.com"]
[Date "2020.05.23"]
[Round "-"]
[White "Matthew Bailey"]
[Black "William Lindberg"]
[Result "1-0"]
[WhiteCountry "ENG"]
[BlackCountry "USA"]
[WhiteElo "2518"]
[WhiteRD "58"]
[BlackElo "2447"]
[BlackRD "63"]
[GameID "455505"]

1. e4 c5 2. Nf3 e6 3. d4 cxd4 4. Nxd4 Nf6 5. Nc3 Nc6 6. Ndb5 Bb4 7. a3 Bxc3+ 8. Nxc3 d5 9. exd5 exd5 10. Bd3 O-O
11. O-O d4 12. Ne2 Bf5 13. Bxf5 Re8 14. Bg5 h6 15. Bh4 Qd6 16. Re1 Qd5 17. Bxf6 Qxf5 18. Bxd4 Rad8 19. c3 Qg6 20. Qb3 Qe6
21. Qxe6 Rxe6 22. Be3 Ree8 23. Nd4 Na5 24. b3 Kh7 25. f3 Rd7 26. Kf2 Rc8 27. Rac1 h5 28. Red1 a6 29. c4 h4 30. c5 Rcd8
31. Ke2 Re8 32. b4 Rde7 33. Rd3 Nc6 34. Nxc6 bxc6 35. Rc4 g5 36. Rcd4 f6 37. Rd6 f5 38. Kf2 f4 39. Bd2 Rc8 40. Bc3 Rcc7
41. Bf6 Rf7 42. Bxg5 Rf5 43. Bxh4 Rc8 44. Rd7+ Kg8 45. R3d6 Rf7 46. Rg6+ Kh7 47. Rxf7+ Kxg6 48. Rxf4 Rh8 49. Rf6+ Kg7 50. Rxc6 Rxh4
51. Rxa6 Rc4 52. c6 Kf6 53. b5 Rc2+ 54. Kg3 Ke5 55. Ra8 Rc5 56. b6 Rxc6 57. b7 Rg6+ 58. Kf2
1-0

[Event "Autumn"]
[Site "SchemingMind.com"]
[Date "2020.05.22"]
[Round "-"]
[White "William Lindberg"]
[Black "Matthew Bailey"]
[Result "1/2-1/2"]
[WhiteCountry "USA"]
[BlackCountry "ENG"]
[WhiteElo "2447"]
[WhiteRD "63"]
[BlackElo "2518"]
[BlackRD "58"]
[GameID "455506"]

1. e4 e5 2. Nf3 Nc6 3. Bc4 Bc5 4. d3 Nf6 5. Nc3 d6 6. O-O Na5 7. Bg5 Nxc4 8. dxc4 Be6 9. Nd5 Bxd5 10. cxd5 h6
11. Bxf6 Qxf6 12. Qd3 O-O 13. g3 Qe7 14. Rae1 Rae8 15. Nh4 g6 16. Kg2 c6 17. a3 Bb6 18. dxc6 bxc6 19. b4 Qe6 20. Rd1 Rd8
21. c4 Kg7 22. Rd2 a5 23. Ra1 f5 24. f4 fxe4 25. Qxe4 g5 26. fxg5 d5 27. gxh6+ Kxh6 28. Qc2 axb4 29. axb4 dxc4 30. Re1 Kg7
31. Rxd8 Rxd8 32. Nf3 Rd3 33. Re4 Bd4 34. Qe2 Qd5 35. h4 Kh6 36. Kh3 Qd7+=
1/2-1/2